Yadein pagal kar daiti hein / (Record no. 566317)

000 -LEADER
fixed length control field 00362nam a22001337a 4500
082 ## - DEWEY DECIMAL CLASSIFICATION NUMBER
Classification number 891.4391
100 ## - MAIN ENTRY--PERSONAL NAME
Personal name Yousfi, Khalid
245 ## - TITLE STATEMENT
Title Yadein pagal kar daiti hein /
Statement of responsibility, etc. Khalid yousfi
260 ## - PUBLICATION, DISTRIBUTION, ETC.
Place of publication, distribution, etc. Lahore :
Name of publisher, distributor, etc. Qadri verity House;
Date of publication, distribution, etc. 2019.
300 ## - PHYSICAL DESCRIPTION
Extent 205 p.
Dimensions 24 cm.
942 ## - ADDED ENTRY ELEMENTS (KOHA)
Source of classification or shelving scheme
Koha item type Book
Holdings
Withdrawn status Lost status Source of classification or shelving scheme Damaged status Not for loan Permanent Location Current Location Shelving location Date acquired Source of acquisition Total Checkouts Full call number Barcode Date last seen Price effective from Koha item type
          Central Library (CL) Central Library (CL) Urdu Literature 06/24/2021 Major Atif Mirza   891.4391 YOU CL-D-1080 06/24/2021 06/24/2021 Book
© 2023 Central Library, National University of Sciences and Technology. All Rights Reserved.